000
00194nam a2200085Ia 4500
008
191206s9999 xx 000 0 und d
090
_a
PR2983.B7
245
0
_a
Shakespearean tragedy
260
_c
c1964
999
_c
16892
_d
16892